Continuous-Time Predictive Control : Spline Based Approach

Salvato in:
Dettagli Bibliografici
Autore principale: Rohaľ-Ilkiv, Boris, 1949- (Autore)
Natura: Libro
Lingua:inglese
Pubblicazione: Bratislava : STU v Bratislave SjF, 2003
Edizione:1. vyd.
Soggetti:
Tags: Aggiungi Tag
Nessun Tag, puoi essere il primo ad aggiungerne!!

MARC

LEADER 00000nam a22000003a 4500
001 stu126854
005 20150617225903.1
008 060922s2003----xo------------------eng-d
020 |a 80-227-1872-6 
040 |a STU  |b slo 
041 0 |a eng 
044 |a xo 
080 |a 62-52 
080 |a 004.451.25 
100 1 |a Rohaľ-Ilkiv, Boris,  |d 1949-  |4 aut  |u J110  |U SjF Ústav automatizácie, merania a aplikovanej informatiky  |T SjF Katedra automatizácie, informačnej a prístrojovej techniky  |X 2463  |U J110  |Y 37  |7 A000002463 
245 1 |a Continuous-Time Predictive Control :  |b Spline Based Approach 
250 |a 1. vyd. 
260 |a Bratislava :  |b STU v Bratislave SjF,  |c 2003 
300 |a 122 s 
650 7 |a automaticky ovládané alebo riadené procesy  |2 stusub 
650 7 |a riadenie procesov  |2 stusub 
996 |b 284J029475  |c J*105975  |l JJST  |s P  |a 0  |w stu126854_0001